000 00476nam a2200181Ia 4500
001 3494
005 20260306145647.0
008 260306t2013||||xx |||||||||||||| ||spa||
041 _aESP
082 _a280.4
_bB91
100 _aBullón, Fernando H.
_eAUT
245 0 _aEl pensamiento social protestante y el debate latinoamericano sobre el desarrollo
260 _c2013
300 _a337 páginas :
_c23 cm.
650 _aGEN
654 _aCHU
942 _cLIB
_dJUS
_fJUS
_2ddc
_n
999 _c3494
_d3494